Best NFL Quarterbacks of 2020 (NFL.com) - Statistics

General Stats
  • This quiz has been taken 691 times
  • The average score is 10 of 13
Answer Stats
Player % Correct
3 Patrick Mahomes
98%
5 Tom Brady
98%
6 Aaron Rodgers
89%
2 Russell Wilson
89%
1 Lamar Jackson
87%
12 Josh Allen
84%
4 Drew Brees
75%
7 Deshaun Watson
64%
9 Dak Prescott
62%
10 Kirk Cousins
62%
13 Kyler Murray
62%
11 Ryan Tannehill
55%
8 Jimmy Garoppolo
54%
No matching quizzes found
Score Distribution
Percent of People with Each Score
Percentile by Number Answered
Your Score History
You have not taken this quiz